000 00433nam a2200145Ia 4500
008 151021s9999 xx 000 0 und d
020 _a9.7806188243e+012
050 _aBF121 .B45 2008
245 _a_Essential of Psychology .-4th ed Kelly Bouas Henry
260 _aBoston Houghton Mifflin company 2008
300 _axi,372p.
650 _a_Psychology
700 _a_Douglas A.Bernstein
980 _a^d20130617 11:00:09^oanne
999 _c14201
_d14201